<?xml version="1.0" encoding="UTF-8"?>
<record
    xmlns:xsi="http://www.w3.org/2001/XMLSchema-instance"
    xsi:schemaLocation="http://www.loc.gov/MARC21/slim http://www.loc.gov/standards/marcxml/schema/MARC21slim.xsd"
    xmlns="http://www.loc.gov/MARC21/slim">

  <leader>00910nam a2200217Ia 4500</leader>
  <controlfield tag="003">Ost</controlfield>
  <controlfield tag="005">20260507075410.0</controlfield>
  <controlfield tag="008">260507s9999||||xx |||||||||||||| ||und||</controlfield>
  <datafield tag="040" ind1=" " ind2=" ">
    <subfield code="c">fsecg</subfield>
  </datafield>
  <datafield tag="041" ind1=" " ind2=" ">
    <subfield code="a">ara</subfield>
  </datafield>
  <datafield tag="082" ind1=" " ind2=" ">
    <subfield code="a">330</subfield>
  </datafield>
  <datafield tag="100" ind1=" " ind2=" ">
    <subfield code="a">&#x623;&#x628;&#x648; &#x632;&#x64A;&#x62F;&#x60C; &#x628;&#x643;&#x631; &#x628;&#x646; &#x639;&#x628;&#x62F; &#x627;&#x644;&#x644;&#x647;</subfield>
    <subfield code="e">&#x645;&#x624;&#x644;&#x641;</subfield>
  </datafield>
  <datafield tag="245" ind1=" " ind2="0">
    <subfield code="a">&#x628;&#x637;&#x627;&#x642;&#x629; &#x627;&#x644;&#x625;&#x626;&#x62A;&#x645;&#x627;&#x646; /</subfield>
    <subfield code="c"> &#x628;&#x643;&#x631; &#x628;&#x646; &#x639;&#x628;&#x62F; &#x627;&#x644;&#x644;&#x647; &#x623;&#x628;&#x648; &#x632;&#x64A;&#x62F;</subfield>
  </datafield>
  <datafield tag="260" ind1=" " ind2=" ">
    <subfield code="a">&#x628;&#x64A;&#x631;&#x648;&#x62A;: </subfield>
    <subfield code="b">&#x645;&#x624;&#x633;&#x633;&#x629; &#x627;&#x644;&#x631;&#x633;&#x627;&#x644;&#x629;, </subfield>
    <subfield code="c">1996</subfield>
  </datafield>
  <datafield tag="300" ind1=" " ind2=" ">
    <subfield code="a">76  &#x635;&#x641;&#x62D;&#x629;&#x61B; </subfield>
    <subfield code="b">&#x625;&#x64A;&#x636;&#x627;&#x62D;&#x627;&#x62A; &#x61B;</subfield>
    <subfield code="c">20 &#x633;&#x645;</subfield>
  </datafield>
  <datafield tag="520" ind1=" " ind2=" ">
    <subfield code="a">&#x64A;&#x636;&#x645; &#x62A;&#x639;&#x631;&#x64A;&#x641; &#x644;&#x628;&#x637;&#x627;&#x642;&#x629; &#x627;&#x644;&#x625;&#x626;&#x62A;&#x645;&#x627;&#x646; &#x648; &#x62A;&#x627;&#x631;&#x64A;&#x62E;&#x647;&#x627;&#x60C; &#x645;&#x639;&#x631;&#x641;&#x629; &#x645;&#x646; &#x644;&#x647; &#x62D;&#x642; &#x625;&#x635;&#x62F;&#x627;&#x631; &#x627;&#x644;&#x628;&#x637;&#x627;&#x642;&#x629;&#x60C; &#x623;&#x646;&#x648;&#x627;&#x639;&#x647;&#x627; &#x648;&#x635;&#x648;&#x631;&#x647;&#x627;&#x60C; &#x623;&#x637;&#x631;&#x627;&#x641; &#x628;&#x637;&#x627;&#x642;&#x629; &#x627;&#x644;&#x625;&#x626;&#x62A;&#x645;&#x627;&#x646;&#x60C; &#x645;&#x646;&#x627;&#x641;&#x639; &#x628;&#x637;&#x627;&#x642;&#x629; &#x627;&#x644;&#x625;&#x626;&#x62A;&#x645;&#x627;&#x646;&#x60C; &#x645;&#x636;&#x627;&#x631;&#x647;&#x627; &#x648;&#x633;&#x648;&#x628;&#x644;&#x647;&#x627;</subfield>
  </datafield>
  <datafield tag="653" ind1=" " ind2=" ">
    <subfield code="a">&#x627;&#x644;&#x625;&#x626;&#x62A;&#x645;&#x627;&#x646;</subfield>
  </datafield>
  <datafield tag="653" ind1=" " ind2=" ">
    <subfield code="a">&#x627;&#x644;&#x625;&#x626;&#x62A;&#x645;&#x627;&#x646;&#x60C; &#x623;&#x62F;&#x648;&#x627;&#x62A;</subfield>
  </datafield>
  <datafield tag="653" ind1=" " ind2=" ">
    <subfield code="a">&#x627;&#x644;&#x628;&#x646;&#x648;&#x643;</subfield>
  </datafield>
  <datafield tag="942" ind1=" " ind2=" ">
    <subfield code="c">&#x643;&#x62A;&#x627;&#x628;</subfield>
  </datafield>
  <datafield tag="952" ind1=" " ind2=" ">
    <subfield code="0">0</subfield>
    <subfield code="1">0</subfield>
    <subfield code="2">ddc</subfield>
    <subfield code="4">0</subfield>
    <subfield code="7">-1</subfield>
    <subfield code="a">fsecg</subfield>
    <subfield code="b">fsecg</subfield>
    <subfield code="d">2026-05-07</subfield>
    <subfield code="h">&#x627;&#x644;&#x637;&#x627;&#x628;&#x642; &#x627;&#x644;&#x623;&#x631;&#x636;&#x64A;</subfield>
    <subfield code="i">26975</subfield>
    <subfield code="l">0</subfield>
    <subfield code="o">&#x623;/4446&#x646;1</subfield>
    <subfield code="p">26975</subfield>
    <subfield code="r">2026-05-07 07:54:10</subfield>
    <subfield code="w">2026-05-07</subfield>
    <subfield code="y">&#x643;&#x62A;&#x627;&#x628;</subfield>
  </datafield>
  <datafield tag="952" ind1=" " ind2=" ">
    <subfield code="0">0</subfield>
    <subfield code="1">0</subfield>
    <subfield code="2">ddc</subfield>
    <subfield code="4">0</subfield>
    <subfield code="7">0</subfield>
    <subfield code="a">fsecg</subfield>
    <subfield code="b">fsecg</subfield>
    <subfield code="d">2026-05-07</subfield>
    <subfield code="h">&#x627;&#x644;&#x637;&#x627;&#x628;&#x642; &#x627;&#x644;&#x623;&#x631;&#x636;&#x64A;</subfield>
    <subfield code="i">26976</subfield>
    <subfield code="l">0</subfield>
    <subfield code="o">&#x623;/4446&#x646;2</subfield>
    <subfield code="p">26976</subfield>
    <subfield code="r">2026-05-07 07:54:10</subfield>
    <subfield code="w">2026-05-07</subfield>
    <subfield code="y">&#x643;&#x62A;&#x627;&#x628;</subfield>
  </datafield>
  <datafield tag="952" ind1=" " ind2=" ">
    <subfield code="0">0</subfield>
    <subfield code="1">0</subfield>
    <subfield code="2">ddc</subfield>
    <subfield code="4">0</subfield>
    <subfield code="7">0</subfield>
    <subfield code="a">fsecg</subfield>
    <subfield code="b">fsecg</subfield>
    <subfield code="d">2026-05-07</subfield>
    <subfield code="h">&#x627;&#x644;&#x637;&#x627;&#x628;&#x642; &#x627;&#x644;&#x62B;&#x627;&#x646;&#x64A;</subfield>
    <subfield code="i">26977</subfield>
    <subfield code="l">0</subfield>
    <subfield code="o">&#x623;/4446&#x646;3</subfield>
    <subfield code="p">26977</subfield>
    <subfield code="r">2026-05-07 07:54:10</subfield>
    <subfield code="w">2026-05-07</subfield>
    <subfield code="y">&#x643;&#x62A;&#x627;&#x628;</subfield>
  </datafield>
  <datafield tag="999" ind1=" " ind2=" ">
    <subfield code="c">44383</subfield>
    <subfield code="d">44383</subfield>
  </datafield>
</record>
